000
00285nam a2200121Ia 4500
008
190216s9999||||xx |||||||||||||| ||und||
100
_a
Rajeev Ne
245
0
_a
Electro Dynamics
260
_b
Calicut University Publications
_c
2002
300
_a
676p
650
_a
Physics
942
_c
BK
999
_c
33713
_d
33713